000 00277nam a2200109Ia 4500
008 200302s9999 xx 000 0 und d
100 _aMiyoung Pyo
245 _aConstruction and design manual architectural diagrams 1
260 _bDom Publishrs
260 _c2015
300 _a383
999 _c6548
_d6548